LEADER 02937nas 2200937-a 450 001 996336700603316 005 20220219213019.0 011 $a1469-5065 035 $a(DE-599)ZDB2030174-1 035 $a(OCoLC)44166572 035 $a(CKB)954925342765 035 $a(CONSER)--2007233717 035 $a(EXLCZ)99954925342765 100 $a20000602b19922014 s-- a 101 0 $aeng 135 $aur||||||||||| 181 $ctxt$2rdacontent 182 $cc$2rdamedia 183 $acr$2rdacarrier 200 00$aFetal and maternal medicine review 210 1$a[Cambridge, England] :$cCambridge University Press 215 $a1 online resource 311 $a0965-5395 531 1 $aFetal matern. med. rev. 606 $aFetus$xDiseases$vPeriodicals 606 $aNewborn infants$xDiseases$vPeriodicals 606 $aObstetrics$vPeriodicals 606 $aPregnancy$xComplications$vPeriodicals 606 $aFetus$xDiseases 606 $aNewborn infants$xDiseases 606 $aObstetrics 606 $aPregnancy$xComplications 606 $aFetal Diseases 606 $aInfant, Newborn, Diseases 606 $aObstetrics 606 $aPregnancy Complications 606 $aF?us$xMaladies$vPériodiques 606 $aNouveau-nés$xMaladies$vPériodiques 606 $aObstétrique$vPériodiques 606 $aGrossesse$xComplications$vPériodiques 606 $aF?tus$xMaladies$vPériodiques 606 $aF?tus$xMaladies 606 $aNouveau-nés$xMaladies 606 $aObstétrique 606 $aGrossesse$xComplications 606 $aFetus$xDiseases$2fast$3(OCoLC)fst00923438 606 $aNewborn infants$xDiseases$2fast$3(OCoLC)fst01432010 606 $aObstetrics$2fast$3(OCoLC)fst01042994 606 $aPregnancy$xComplications$2fast$3(OCoLC)fst01075106 608 $aPeriodicals.$2fast 610 $aGynecology & Obstetrics 615 0$aFetus$xDiseases 615 0$aNewborn infants$xDiseases 615 0$aObstetrics 615 0$aPregnancy$xComplications 615 0$aFetus$xDiseases. 615 0$aNewborn infants$xDiseases. 615 0$aObstetrics. 615 0$aPregnancy$xComplications. 615 2$aFetal Diseases 615 2$aInfant, Newborn, Diseases 615 2$aObstetrics 615 2$aPregnancy Complications 615 6$aF?us$xMaladies 615 6$aNouveau-nés$xMaladies 615 6$aObstétrique 615 6$aGrossesse$xComplications 615 6$aF?tus$xMaladies 615 6$aF?tus$xMaladies. 615 6$aNouveau-nés$xMaladies. 615 6$aObstétrique. 615 6$aGrossesse$xComplications. 615 7$aFetus$xDiseases. 615 7$aNewborn infants$xDiseases. 615 7$aObstetrics. 615 7$aPregnancy$xComplications. 676 $a618.32 906 $aJOURNAL 912 $a996336700603316 996 $aFetal and maternal medicine review$91903272 997 $aUNISA